Biomedical waste : A study of knowledge, attitude and practices( KAP) among the health care personal in Thimphu City (Record no. 8814)

MARC details
000 -LEADER
fixed length control field 00444nam a22001337a 4500
008 - FIXED-LENGTH DATA ELEMENTS--GENERAL INFORMATION
fixed length control field 210811b ||||| |||| 00| 0 eng d
082 ## - DEWEY DECIMAL CLASSIFICATION NUMBER
Classification number BSC.ENV CAP NO.47
100 ## - MAIN ENTRY--PERSONAL NAME
Personal name Seldon, Dechen
245 ## - TITLE STATEMENT
Title Biomedical waste : A study of knowledge, attitude and practices( KAP) among the health care personal in Thimphu City
260 ## - PUBLICATION, DISTRIBUTION, ETC.
Place of publication, distribution, etc. Thimphu :
Name of publisher, distributor, etc. Royal Thimphu College,
Date of publication, distribution, etc. 2021.
300 ## - PHYSICAL DESCRIPTION
Extent vi, 39 p.
Dimensions 29 cm.
650 ## - SUBJECT ADDED ENTRY--TOPICAL TERM
Topical term or geographic name entry element student work
942 ## - Added entry Elements (Koha)
Source of classification or shelving scheme Dewey Decimal Classification
Holdings
Withdrawn status Lost status Source of classification or shelving scheme Damaged status Not for loan Collection code Home library Current library Shelving location Date acquired Serial Enumeration / chronology Total Checkouts Total Renewals Full call number Barcode Date last seen Date last checked out Price effective from Koha item type
    Dewey Decimal Classification     Student work RTC Library RTC Library Student work 11/08/2021 16129 8 5 BSC.ENV CAP NO.47 30015237 25/03/2025 07/03/2025 11/08/2021 Student Work
Royal Thimphu College || All Right Reserved